[Event "Julian Mazur Memorial"]
[Site "Wellington Chess Club"]
[Date "2018.09.06"]
[Round "8.5"]
[White "Forster, Bill"]
[Black "Winfield, Alan"]
[Result "1/2-1/2"]
[WhiteElo "2011"]
[BlackElo "1957"]

1. d4 e6 2. c4 f5 3. g3 Nf6 4. Bg2 g6 5. Nf3 d6 6. O-O Bg7 7. b3 O-O 8. Bb2 Ne4
9. Na3 Nc6 10. Nc2 a5 11. Nce1 Qe7 12. a3 e5 13. d5 Nd8 14. Nd2 Nxd2 15. Qxd2
g5 16. Rc1 b6 17. Bc3 Nf7 18. b4 axb4 19. axb4 g4 20. Nd3 Bh6 21. e3 Ng5 22.
Nxe5 Ne4 23. Nc6 Qe8 24. Bxe4 Qxe4 25. Qd4 Qxd4 26. Nxd4 Re8 27. Ra1 Bd7 28.
Rxa8 Rxa8 29. Ra1 Rxa1+ 30. Bxa1 Bg7 31. Bc3 Kf7 32. Ne2 Be5 33. b5 Kf6 34. Kf1
Bxc3 35. Nxc3 Ke5 36. Ke2 Be8 {Draw agreed} 1/2-1/2

[Event "Julian Mazur Memorial"]
[Site "Wellington Chess Club"]
[Date "2018.09.06"]
[Round "8.6"]
[White "Stone, Andrew"]
[Black "Laking, Robert"]
[Result "1-0"]
[WhiteElo "2087"]
[BlackElo "2014"]

1. e4 c5 2. d4 cxd4 3. c3 d3 4. Bxd3 Nc6 5. Nf3 Qc7 6. O-O e6 7. c4 Nf6 8. Bg5
Nb4 9. Nc3 Nxd3 10. Qxd3 a6 11. e5 Ng8 12. Rfe1 h6 13. Bh4 g5 14. Bg3 Ne7 15.
Ne4 Ng6 16. Nf6+ Kd8 17. Nd5 exd5 18. cxd5 Ke8 19. d6 Qa5 20. Rac1 Qb5 21. Qd4
b6 22. Rc7 a5 23. a4 Qa6 24. e6 fxe6 25. Rxe6+ dxe6 26. d7+ Kf7 27. dxc8=Q+ Kg8
28. Qxe6# 1-0

[Event "Julian Mazur Memorial"]
[Site "Wellington Chess Club"]
[Date "2018.09.06"]
[Round "8.7"]
[White "Sellen, Ian"]
[Black "Sole, Michael"]
[Result "1-0"]
[WhiteElo "2041"]
[BlackElo "1772"]

1. c4 g6 2. Nc3 Bg7 3. d4 Nf6 4. e4 O-O 5. Nf3 d6 6. h3 e5 7. Be3 Nc6 8. d5 Ne7
9. Qd2 Nd7 10. Be2 f5 11. Bh6 f4 12. Bxg7 Kxg7 13. Ng5 Nf6 14. O-O-O h6 15. Nf3
a6 16. g3 fxg3 17. fxg3 Bd7 18. Qe3 b5 19. c5 b4 20. Nb1 a5 21. Nbd2 Ba4 22.
Rdg1 c6 23. cxd6 Qxd6 24. Nc4 Qb8 25. Nb6 b3 26. axb3 Qa7 27. bxa4 cxd5 28.
Nxd5 Qd7 29. Nc3 Rfc8 30. Bb5 Qd6 31. Rd1 Qb4 32. Kb1 Rc5 33. Rhe1 Rac8 34. Na2
1-0

[Event "Julian Mazur Memorial"]
[Site "Wellington Chess Club"]
[Date "2018.09.06"]
[Round "8.8"]
[White "Jackson, Ross"]
[Black "He, Caleb"]
[Result "1-0"]
[WhiteElo "1945"]
[BlackElo "1823"]

1. d4 Nf6 2. c4 g6 3. Nc3 Bg7 4. e4 d6 5. g3 O-O 6. Bg2 c5 7. d5 Na6 8. Nge2
Nc7 9. O-O Rb8 10. a4 a5 11. f4 Na6 12. h3 Nb4 13. g4 b6 14. Ng3 Re8 15. g5 Nd7
16. Nb5 Ba6 17. Ra3 Bxb5 18. axb5 Qc7 19. Ne2 e6 20. dxe6 Rxe6 21. f5 Ree8 22.
f6 Bf8 23. Nf4 Ne5 24. Qe2 Qd7 25. Rd1 h6 26. Nd5 Nxd5 27. Rxd5 hxg5 28. Bxg5
Qd8 29. h4 Re6 30. Qf1 Ng4 31. e5 Rxe5 32. Rg3 Rxd5 33. Bxd5 Ne5 34. h5 Qd7 35.
hxg6 Nxg6 36. Qd3 Ne5 37. Bf4+ Kh8 38. Rh3+ Kg8 39. Qh7# 1-0

[Event "Julian Mazur Memorial"]
[Site "Wellington Chess Club"]
[Date "2018.09.06"]
[Round "8.9"]
[White "Hall, Nathan"]
[Black "Aldridge, Alan"]
[Result "1-0"]
[WhiteElo "1863"]
[BlackElo "1892"]

1. e4 e5 2. Nf3 Nc6 3. Bc4 Bc5 4. c3 Nf6 5. d4 exd4 6. e5 d5 7. Bb5 Ne4 8. cxd4
Bb4+ 9. Nbd2 O-O 10. h3 Be6 11. O-O Nxd2 12. Bxd2 Bxd2 13. Qxd2 Ne7 14. Rac1 c6
15. Bd3 h6 16. Nh4 Qd7 17. Qc2 f6 18. f4 fxe5 19. fxe5 Bxh3 20. gxh3 Qxh3 21.
Nf5 Qg4+ 22. Qg2 Qxg2+ 23. Kxg2 Nxf5 24. Bxf5 g5 25. Bd7 h5 26. e6 1-0

[Event "Julian Mazur Memorial"]
[Site "Wellington Chess Club"]
[Date "2018.09.06"]
[Round "8.11"]
[White "Stoeveken, Peter"]
[Black "Heyworth, Nicholas"]
[Result "1-0"]
[WhiteElo "1822"]
[BlackElo "1368"]

1. d4 Nf6 2. Bg5 c5 3. e3 cxd4 4. Bxf6 gxf6 5. exd4 Qb6 6. b3 f5 7. Nf3 Bg7 8.
c3 d6 9. Bc4 Nc6 10. O-O e6 11. Re1 Qc7 12. Na3 a6 13. Rc1 Bd7 14. b4 Na7 15.
Qd3 d5 16. Bxd5 O-O-O 17. Bb3 Bc6 18. Nc4 Bb5 19. a4 Bxc4 20. Qxc4 Qxc4 21.
Bxc4 Nc6 22. b5 axb5 23. axb5 Ne7 24. Bb3 Bf6 25. Ne5 Bxe5 26. Rxe5 b6 27. Rd1
Ng6 28. Re3 Kc7 29. c4 Kd6 30. Rc3 Kc7 31. c5 bxc5 32. dxc5 Rxd1+ 33. Bxd1 Ne5
34. f4 Nd7 35. Bf3 Rb8 36. b6+ Nxb6 37. cxb6+ Kxb6 38. Rb3+ Kc7 39. Rxb8 Kxb8
40. Kf2 Kc8 41. Ke3 Kd7 42. h3 Kd6 43. Kf2 Ke7 44. Kg3 Kf6 45. Kh4 Kg7 46. Kh5
Kg8 47. Bc6 Kg7 48. Kg5 1-0

[Event "Julian Mazur Memorial"]
[Site "Wellington Chess Club"]
[Date "2018.09.06"]
[Round "8.12"]
[White "Kibblewhite, Daniel"]
[Black "Ashe, Michael"]
[Result "0-1"]
[WhiteElo "1468"]
[BlackElo "1623"]

1. d4 e6 2. e4 d5 3. e5 c5 4. Nf3 Nc6 5. c3 Qb6 6. Qb3 Qxb3 7. axb3 cxd4 8.
cxd4 f6 9. Nc3 fxe5 10. dxe5 Bb4 11. Bb5 Ne7 12. O-O O-O 13. Bg5 Ng6 14. Ra4
Bxc3 15. bxc3 Ncxe5 16. Nxe5 Nxe5 17. Be3 a6 18. Bc5 Rf5 19. f4 Nd7 20. Bd6 Nb6
21. Raa1 axb5 22. Rxa8 Nxa8 23. Ra1 Nb6 24. Bc7 Nd7 25. Bd6 Nf8 26. Ra8 Bd7 27.
Rd8 Bc6 28. g4 Rf6 29. g5 Rf5 30. Kf2 g6 31. Be5 Kf7 32. Ke3 Nd7 33. Bd4 e5 34.
fxe5 Nxe5 35. Bc5 Rxg5 36. Kf4 Rf5+ 0-1

[Event "Julian Mazur Memorial"]
[Site "Wellington Chess Club"]
[Date "2018.09.06"]
[Round "8.13"]
[White "Wevers, Alexis"]
[Black "He, Paul"]
[Result "1-0"]
[WhiteElo "1795"]
[BlackElo "1507"]

1. c4 e5 2. Nc3 Nf6 3. g3 d5 4. cxd5 Nxd5 5. Bg2 Nxc3 6. bxc3 c6 7. e4 Bc5 8.
Nf3 Bg4 9. O-O O-O 10. Qb3 Bxf3 11. Bxf3 Qb6 12. Ba3 Bxa3 13. Qxa3 Nd7 14. Rab1
Qc7 15. d4 Nb6 16. Rfd1 Rfe8 17. Qc5 Na4 18. Qc4 Nb6 19. Qb4 Rab8 20. d5 c5 21.
Qa5 Qd6 22. Qxa7 Nc8 23. Qa4 Nb6 24. Qb5 Nd7 25. a4 b6 26. Qc4 Ra8 27. Rd2 Ra5
28. Rdb2 Rea8 29. Bd1 Nf6 30. Rxb6 Qd8 31. Qb3 Nxe4 32. Rb2 g6 33. Bf3 Rxa4 34.
Bxe4 Rxe4 35. d6 Kg7 36. Kg2 Rea4 37. Qd5 R4a5 38. Qxe5+ Kg8 39. c4 Rc8 40. Rb7
Ra6 41. d7 1-0

[Event "Julian Mazur Memorial"]
[Site "Wellington Chess Club"]
[Date "2018.09.06"]
[Round "8.14"]
[White "Brockway, Andrew"]
[Black "Hurndell, Robert"]
[Result "1-0"]
[WhiteElo "1863"]
[BlackElo "1551"]

1. e4 c6 2. d4 d5 3. exd5 cxd5 4. Bd3 Nc6 5. c3 Nf6 6. Bf4 g6 7. Nf3 Bg7 8.
Nbd2 O-O 9. O-O Nh5 10. Bg3 Nxg3 11. hxg3 Bg4 12. Qe1 Re8 13. Ne5 Nxe5 14. dxe5
a6 15. Qe3 Qd7 16. Rae1 Bf5 17. Nb3 Bxd3 18. Qxd3 e6 19. Nd4 Qc7 20. f4 Qb6 21.
Rf2 Rac8 22. g4 Qd8 23. Rf3 Qb6 24. Re2 Bf8 25. f5 Bc5 26. Kh2 Bxd4 27. cxd4
Rc4 28. fxg6 hxg6 29. Qe3 Qxd4 30. Qh6 Qxg4 31. Rh3 Qf4+ 32. Qxf4 Rxf4 33. Rc3
Rc4 34. Rb3 b5 35. Rf3 Rd8 36. Ref2 Rd7 37. Re2 d4 38. Rd3 a5 39. Kg3 a4 40.
Kf4 Kg7 41. Red2 f5 42. exf6+ Kxf6 43. Ke4 Rd5 44. Rf3+ Rf5 45. Kd3 Rxf3+ 46.
gxf3 g5 47. Ke4 b4 48. Rh2 b3 49. axb3 axb3 50. Kd3 Rc2 51. Rxc2 bxc2 52. Kxc2
Ke5 53. Kd3 Kd5 54. b3 e5 55. b4 e4+ 56. fxe4+ Ke5 57. b5 g4 58. b6 Kd6 59.
Kxd4 g3 60. Ke3 Kc6 61. Kf3 g2 62. Kxg2 Kxb6 63. Kf3 Kc7 64. Kf4 Kd8 65. Kf5
Kd7 66. Kf6 1-0

[Event "Julian Mazur Memorial"]
[Site "Wellington Chess Club"]
[Date "2018.09.06"]
[Round "8.15"]
[White "Stracy, Don"]
[Black "Stannard, Bobby"]
[Result "1-0"]
[WhiteElo "1649"]
[BlackElo "1298"]

1. e4 e6 2. d4 d5 3. Nd2 c5 4. exd5 exd5 5. Ngf3 Nc6 6. Bb5 cxd4 7. O-O Qb6 8.
Qe2+ Be6 9. Nb3 Bc5 10. Ng5 Ne7 11. Nxc5 Qxc5 12. Nxe6 fxe6 13. Bg5 h6 14. Bxe7
Qxe7 15. Rfe1 Kf7 16. Rad1 a6 17. Bxc6 bxc6 18. Rxd4 Rhe8 19. c4 Rab8 20. cxd5
cxd5 21. b3 Rbc8 22. Ra4 Rc6 23. Rxa6 Rec8 24. Rxc6 Rxc6 25. Qh5+ Kg8 26. Qe2
e5 27. h3 Re6 28. Rc1 d4 29. Rc8+ Kf7 30. Qc4 Kf6 31. b4 Qb7 32. b5 Rd6 33. Rc6
Rxc6 34. bxc6 Qb1+ 35. Kh2 d3 36. c7 d2 37. c8=Q d1=Q 38. Q8e6+ Kg5 39. Qxe5+
Kg6 40. Qee4+ Kf6 41. Qce6+ Kg5 42. Q6g6# 1-0

[Event "Julian Mazur Memorial"]
[Site "Wellington Chess Club"]
[Date "2018.09.06"]
[Round "8.16"]
[White "Farrington, Lawrence"]
[Black "Rabina, Romeo"]
[Result "1/2-1/2"]
[WhiteElo "1763"]
[BlackElo "1695"]

1. e4 b6 2. d4 Bb7 3. Nc3 e6 4. Bd3 Bb4 5. Nf3 Nf6 6. Bg5 h6 7. Bxf6 Bxc3+ 8.
bxc3 Qxf6 9. Qe2 O-O 10. O-O d6 11. Qe3 Nd7 12. c4 e5 13. c3 Rfe8 14. Nd2 Qe7
15. f4 f6 16. f5 Ba6 17. Rf3 Kh7 18. Rg3 Rg8 19. a4 Qf7 20. Qe2 Rad8 21. Nb3
Nb8 22. d5 c5 23. Nd2 Bc8 24. Rg6 Nd7 25. Qd1 Nf8 26. Rg3 Qc7 27. Be2 Bd7 28.
Bh5 Be8 29. Bxe8 Rxe8 30. Qh5 Re7 31. Qf3 Qd8 32. Qf2 Qe8 33. Nf3 Qh5 34. Re1
Qe8 35. Qa2 Rb7 36. Nd2 Qf7 37. Nf3 Qe8 38. Nh4 Rh8 39. Ng6 Rg8 40. h4 Nxg6 41.
Rxg6 Rh8 42. h5 Kg8 43. Qb3 Rh7 44. Rb1 Qd7 45. Qb5 Qxb5 46. axb5 Kf7 47. Rg3
Rh8 48. Rd3 Ra8 49. Ra1 Kf8 50. Rd2 Kf7 51. Rf1 a5 52. Ra2 a4 1/2-1/2

[Event "Julian Mazur Memorial"]
[Site "Wellington Chess Club"]
[Date "2018.09.06"]
[Round "8.18"]
[White "Frater, Dylan"]
[Black "Sole, Christopher"]
[Result "0-1"]
[WhiteElo "1509"]
[BlackElo "1184"]

1. d4 d5 2. c4 e6 { D30 Queen's Gambit Declined } 3. Bf4 c5 4. e3 Nf6 5. Nc3
Be7 6. Nf3 h6 $6 { (0.04 ? 0.66) Inaccuracy. Best move was cxd4. }  (6... cxd4
7. Nxd4 O-O 8. Be2 dxc4 9. Bxc4 Bd7 10. O-O Nc6 11. Nf3) 7. Be2 Nc6 8. O-O Nh5
9. Bg3 $2 { (0.97 ? -0.06) Mistake. Best move was cxd5. }  (9. cxd5 Nxf4 10.
exf4 exd5 11. dxc5 d4 12. Ne4 Qd5 13. Bd3 O-O 14. Re1 Bxc5 15. a3 Bd6) 9...
Nxg3 10. fxg3 $6 { (-0.06 ? -0.60) Inaccuracy. Best move was hxg3. }  (10. hxg3
cxd4 11. Nxd4 dxc4 12. Nxc6 bxc6 13. Qc2 O-O 14. Bxc4 Qc7 15. Rad1 Bb7 16. Be2
Rab8) 10... a6 $6 { (-0.60 ? -0.01) Inaccuracy. Best move was O-O. }  (10...
O-O 11. cxd5 exd5 12. Qd2 cxd4 13. Nxd4 Bf6 14. Bf3 Nxd4 15. exd4 Be6 16. Bd1
g6 17. Ba4) 11. Nd2 $2 { (-0.01 ? -1.50) Mistake. Best move was cxd5. }  (11.
cxd5 exd5 12. dxc5 Bxc5 13. Qxd5 Bxe3+ 14. Kh1 O-O 15. Bc4 Be6 16. Qxd8 Raxd8
17. Bxe6 fxe6) 11... Qd6 $2 { (-1.50 ? 0.01) Mistake. Best move was cxd4. }  (
11... cxd4 12. exd4 dxc4 13. Nxc4 O-O 14. Kh1 Nxd4 15. Ne5 Bf6 16. Ng4 Bg5 17.
Ne5 Nf5 18. Qxd8) 12. e4 $2 { (0.01 ? -1.82) Mistake. Best move was cxd5. }  (
12. cxd5 exd5 13. Bf3 Be6 14. Nb3 cxd4 15. Nxd4 O-O 16. Bxd5 Bg5 17. Nxe6 fxe6
18. Bf3 Bxe3+) 12... Nxd4 $2 { (-1.82 ? -0.24) Mistake. Best move was cxd4. }
(12... cxd4 13. Na4 dxe4 14. Nb6 Rb8 15. Nxe4 Qc7 16. c5 O-O 17. g4 Qe5 18. Bd3
Bxc5 19. Nc4) 13. exd5 Nxe2+ $2 { (-0.39 ? 0.75) Mistake. Best move was O-O. }
(13... O-O 14. Nf3 Qc7 15. Qd2 e5 16. g4 Bxg4 17. Nxd4 cxd4 18. Bxg4 dxc3 19.
Qxc3 b5 20. Rac1) 14. Qxe2 exd5 $6 { (0.63 ? 1.36) Inaccuracy. Best move was
O-O. }  (14... O-O 15. Nde4 Qd7 16. Rad1 b6 17. dxe6 Qxe6 18. Nd5 f5 19. Nec3
Qxe2 20. Nxe2 Bf6 21. b3) 15. cxd5 $2 { (1.36 ? 0.08) Mistake. Best move was
Nxd5. }  (15. Nxd5 Be6 16. Rad1 Bxd5 17. cxd5 O-O 18. Ne4 Qd7 19. d6 Bd8 20.
Nxc5 Bb6 21. b4 Rae8) 15... O-O 16. Nc4 Qd8 17. Rad1 b5 $6 { (-0.35 ? 0.23)
Inaccuracy. Best move was Bf6. }  (17... Bf6 18. Qe4 b5 19. d6 Bd4+ 20. Ne3
Qxd6 21. Qxa8 Bxe3+ 22. Kh1 Bd4 23. Qf3 Be6 24. Ne2) 18. d6 Bf6 19. Ne3 $2 {
(0.03 ? -1.29) Mistake. Best move was Ne5. }  (19. Ne5 Re8) 19... Bd4 20. Kh1
$6 { (-1.04 ? -1.60) Inaccuracy. Best move was Qf3. }  (20. Qf3 Be6) 20... Qxd6
21. Nc2 Bb7 22. Ne3 $2 { (-1.52 ? -3.70) Mistake. Best move was Qf2. }  (22.
Qf2 Rad8) 22... Rfe8 $6 { (-3.70 ? -3.10) Inaccuracy. Best move was Qe6. }  (
22... Qe6) 23. Qf2 $2 { (-3.10 ? -5.04) Mistake. Best move was Qd2. }  (23. Qd2
Qc6 24. Nf5 b4 25. Nxd4 cxd4 26. Nb1 d3 27. Rf2 Qc4 28. b3 Qb5 29. Qf4 Bd5)
23... f6 $4 { (-5.04 ? -0.74) Blunder. Best move was Qg6. }  (23... Qg6 24.
Rde1) 24. Nf5 Qc6 25. Qc2 $2 { (-0.64 ? -2.36) Mistake. Best move was Nxd4. }
(25. Nxd4 cxd4 26. Rxd4 Rad8 27. Rxd8 Rxd8 28. a3 a5 29. Re1 b4 30. axb4 axb4
31. Nd1 Qd5) 25... Re6 $2 { (-2.36 ? -1.25) Mistake. Best move was b4. }  (
25... b4 26. Na4) 26. Nxd4 cxd4 27. Rxd4 Rae8 28. h3 $4 { (-1.24 ? -4.50)
Blunder. Best move was Rg1. }  (28. Rg1) 28... a5 $4 { (-4.50 ? -0.70) Blunder.
Best move was b4. }  (28... b4 29. Rf2 Qb6 30. Qd3 bxc3 31. Qxc3 Bd5 32. Qd2
Bxa2 33. Kh2 Re5 34. Qb4 Qa7 35. Qd6) 29. Qd2 $4 { (-0.70 ? -7.44) Blunder.
Best move was Rf2. }  (29. Rf2 Qb6 30. Rdd2 Rc8 31. Qd3 Re5 32. Kh2 b4 33. Na4
Qc6 34. Qb3+ Kh7 35. Qc2+ Qxc2) 29... b4 $4 { (-7.44 ? -3.20) Blunder. Best
move was Re2. }  (29... Re2 30. Rg1 Rxd2 31. Rxd2 b4 32. Ne2 Qe6 33. Kh2 Qxa2
34. Rgd1 a4 35. g4 Qe6 36. Nf4) 30. Nd1 $4 { (-3.20 ? -8.17) Blunder. Best move
was Nd5. }  (30. Nd5 Re2 31. Qd3 Qc2 32. Qxc2 Rxc2 33. Rb1 Re5 34. Nf4 g5 35.
Nd3 Bxg2+ 36. Kg1 Rd5) 30... Re2 31. Qxe2 $2 { (-7.80 ? Mate in 10) Checkmate
is now unavoidable. Best move was Rg1. }  (31. Rg1 Rxd2 32. Rxd2 Qe6 33. Kh2
Qxa2 34. Nf2 Ba6 35. Rc1 a4 36. Rc6 Re2 37. Rcd6 Rxd2) 31... Rxe2 32. Rg1 Rxg2
33. Ne3 Rd2+ 34. Ng2 Rxg2 35. Rd8+ Kf7 $6 { (Mate in 4 ? Mate in 4) Not the
best checkmate sequence. Best move was Kh7. }  (35... Kh7 36. Rd5 Qxd5 37. Rf1
Rxb2+ 38. Kg1 Qg2#) 36. Rgd1 Rd2+ $6 { (Mate in 2 ? Mate in 2) Not the best
checkmate sequence. Best move was Rh2+.   White resigns. }  (36... Rh2+ 37.
Kxh2 Qg2#) 0-1

[Event "Club Championships, A Grade"]
[Site "Wellington Chess Club"]
[Date "2018.09.20"]
[Round "1.1.1"]
[White "Forster, Bill"]
[Black "Nijman, Brian"]
[Result "1-0"]
[WhiteElo "2011"]
[BlackElo "2162"]

1. d4 e6 2. c4 Bb4+ 3. Nc3 {The database tells me that this is the worst of the
three possible replies. I should have known that Brian would never meekly play
...Nf6 with a Nimzo, an opening I don't think he plays} 3... b6 4. e4 Bb7 5.
Bd3 f5 $1 6. exf5 $4 {This always works in these positions right?} 6... Bxg2 $1
7. Qh5+ Kf8 $1 {Uh oh. I considered resigning but White gets some decent play
for his Rook. Both Black's rooks are a long way from getting into the game to
make an extra one "felt" (as they say). Importantly I was able to play faster
than normal (I am lost anyway, so I can play basically carefree), whilst Brian
started burning a lot of time.} 8. Bg5 Nf6 9. Qh4 Nc6 10. Ne2 Bxh1 11. Nf4 exf5
(11... Nxd4 $1 {was one winning move Brian pointed out after the game} ) 12.
O-O-O Bxc3 13. bxc3 Be4 $2 {The first real mistake, there was no need to allow
my Knight into d5 like this} 14. Bxe4 fxe4 15. Nd5 h6 $5 {Very clever but this
actually surrenders the advantage} 16. Bxf6 $1 $10 (16. Nxf6 $6 Kf7 $3 {is very
embarrassing for White, it basically wins more or less instantly. Like a deer
in the headlights I almost played this anyway as it seems to be the only thing
that makes sense - but eventually I found something that does provide problems
and in fact rescues the game (0.00) according to the all seeing Stockfish} )
16... gxf6 17. Rg1 {Fortunately White had plenty of time (Black was running on
fumes) and was able to find the one-two punch of the 16th and 17th. The rook
aspires to g6, weakened by the otherwise good ...h6. } 17... f5 $1 {With no
time Brian finds the right computer move} 18. Qf4 $1 {And surprisingly I find
the only good move in the position too} 18... Qe8 (18... Ne7 19. Nxc7) 19. Nxc7
{We're both obviously cheating, as play continues along the 0.00 tightrope.}
19... Qh5 $2 {Unsurprisingly Brian can't play perfectly on increment. I still
had time on my clock and was able to see the forced win that now presents
itself. I had to adjourn to the kitchen for a glass of water as SVT (Supra
Ventricular Tachycardia) also threatened as it tends to for me in these
situations. If only I could afford the time for such measures in every game I
would have an extra hundred or two Elo for sure}  (19... Qe7 {or} )  (19... Qf7
{or} )  ( {the surprising} 19... Nb4 {(because if} 20. Nxe8 $4 Nd3+ {wins) are
the three moves that hold the balance, more or less} ) 20. Qd6+ $1 {It's more
important to control e8 than to pick up the rook on a8.} 20... Ne7 (20... Kf7
21. Qxd7+ Ne7 {was Brian's intention, but he missed} 22. Qe6+ {which
transposes, apart from the missing pawn on d7} ) 21. Qf6+ Qf7 22. Qxh8+ Ng8 23.
Qxg8+ $1 {Of course the computer hates this idea, but it's the right thing to
do, swap down to an easy piece up ending} 23... Qxg8 24. Rxg8+ Kxg8 25. Nxa8 {I
am perfectly capable of stuffing up something like this. But I still had 8
minutes or so, and Black doesn't even have one pawn for the piece (something
that took me some time to realise)} 25... Kf7 26. Nc7 Kg6 27. Kd2 Kg5 28. Nd5
f4 29. h3 d6 30. Ke2 Kf5 31. Ne7+ Kg5 32. Nc8 Kh4 33. Nxd6 Kxh3 34. Nxe4 Kg2
35. Nf6 1-0

[Event "Club Championships, A Grade"]
[Site "Wellington Chess Club"]
[Date "2018.09.20"]
[Round "1.1.2"]
[White "Winter, Ryan"]
[Black "Timergazi, Layla"]
[Result "1/2-1/2"]
[WhiteElo "2129"]
[BlackElo "2157"]

1. e4 c6 2. Ne2 d5 3. e5 {Comment 2} 3... Bg4 4. h3 Bh5 5. g4 Bg6 6. Nf4 e6 7.
h4 d4 8. c3 Be7 9. h5 Be4 10. Rg1 c5 11. Bc4 Bg5 12. d3 Bc6 13. Na3 Nd7 14. Qe2
Nb6 15. Bb5 h6 16. Bxc6+ bxc6 17. Qe4 Ne7 18. Ne2 dxc3 19. Nxc3 Ned5 20. Bxg5
Qxg5 21. Nc4 O-O 22. Rd1 Nb4 23. Kf1 Nxc4 24. dxc4 Rfd8 25. a3 Rxd1+ 26. Nxd1
Qd2 27. axb4 Qxd1+ 28. Kg2 Qa4 29. b5 Rc8 30. bxc6 Qxc6 31. Qxc6 Rxc6 32. Ra1
Rc7 33. Ra5 1/2-1/2

[Event "Club Championships, A Grade"]
[Site "Wellington Chess Club"]
[Date "2018.09.20"]
[Round "1.1.3"]
[White "Laking, Robert"]
[Black "Sellen, Ian"]
[Result "1/2-1/2"]
[WhiteElo "2014"]
[BlackElo "2041"]

1. d4 d5 2. c4 e6 3. Nf3 c6 4. e3 Nf6 5. Qc2 Bd6 6. Be2 Nbd7 7. Nc3 O-O 8. O-O
Qe7 9. b3 e5 10. dxe5 Nxe5 11. cxd5 cxd5 12. Nd4 a6 13. Rd1 Be6 14. Bb2 Rac8
15. Nf5 Bxf5 16. Qxf5 Qe6 17. Bd3 Nxd3 18. Qxd3 Rfd8 19. Ne2 Ne4 20. Nf4 Bxf4
21. exf4 f6 22. b4 Qb6 23. Qd4 Qxd4 24. Bxd4 Rc4 25. Rac1 Rxc1 26. Rxc1 Nd6 27.
Bb6 Rd7 28. a4 Nc4 29. a5 Nxb6 30. axb6 Kf7 31. f5 Ke7 32. g4 Kd8 33. h4 Re7
34. Rd1 Rd7 35. f3 Rd6 36. Kf2 Kd7 37. Ke3 Kc6 38. Rc1+ Kxb6 39. Kd4 Rc6 40.
Rb1 Rd6 41. h5 h6 42. f4 Kb5 43. g5 hxg5 44. fxg5 fxg5 45. Rg1 Kxb4 46. Rb1+
Ka3 47. Rxb7 Rf6 48. Ke5 Rh6 49. Kxd5 Rxh5 50. Rxg7 g4 51. Ke6 Rh1 52. Rxg4
Re1+ 53. Kd5 Rd1+ 54. Rd4 Rf1 55. Ke5 a5 56. f6 a4 57. Rf4 Re1+ 58. Kd4 Rd1+
59. Kc3 Rd8 60. f7 Rc8+ 61. Kd2 Rf8 62. Kc2 Rc8+ 63. Kb1 Rf8 64. Ka1 Kb3 65.
Rf3+ Kc4 66. Ka2 Kd5 67. Ka3 Ke6 {Draw agreed} 1/2-1/2

[Event "Club Championships, A Grade"]
[Site "Wellington Chess Club"]
[Date "2018.09.20"]
[Round "3.1.4"]
[White "Nyberg, Michael"]
[Black "Croad, Nicolas"]
[Result "0-1"]
[WhiteElo "2114"]
[BlackElo "2431"]

1. d4 Nf6 2. c4 e6 3. Nf3 b6 4. g3 Bb4+ 5. Bd2 Be7 6. Bg2 c6 7. Bc3 O-O 8. Nbd2
d5 9. b3 Nbd7 10. O-O Bb7 11. Ne5 Rc8 12. Bb2 b5 13. a4 bxc4 14. bxc4 Nxe5 15.
dxe5 Nd7 16. e4 dxc4 17. Qc2 Ba6 18. Nxc4 Qc7 19. Rfc1 Bxc4 20. Qxc4 Nxe5 21.
Qa6 Bf6 22. Rab1 Rb8 23. Bxe5 Bxe5 24. Rxb8 Qxb8 25. Qxc6 Bd4 26. Bf1 Qb4 27.
Rc4 Qd2 28. Rc2 Qe1 29. Re2 Qa1 30. Qc4 g6 31. Ra2 Qb1 32. Rc2 Rd8 33. Qe2 e5
34. Rc7 Qb6 35. Rc2 Rd6 36. Kg2 Rf6 37. f3 Qb3 38. Rc4 Kg7 39. Qd3 Qa2+ 40. Qc2
Qa3 41. Qd3 Qa1 42. Rb4 Rc6 43. Qb1 Qc3 44. Bb5 Qd2+ 45. Kh3 Rc2 0-1

[Event "Club Championships, A Grade"]
[Site "Wellington Chess Club"]
[Date "2018.09.27"]
[Round "2.1.1"]
[White "Forster, Bill"]
[Black "Sellen, Ian"]
[Result "1/2-1/2"]
[WhiteElo "2011"]
[BlackElo "2041"]

1. d4 d5 2. c4 e6 3. Nc3 Nf6 4. cxd5 exd5 5. Bg5 c6 6. e3 h6 7. Bh4 Be7 8. Bd3
Nbd7 9. Qc2 Nh5 10. Bxe7 Qxe7 11. Nf3 Nhf6 12. O-O O-O 13. Rab1 c5 14. dxc5
Nxc5 15. Rbc1 Nxd3 16. Qxd3 Be6 17. Rfd1 Rac8 18. h3 1/2-1/2

[Event "Club Championships, A Grade"]
[Site "Wellington Chess Club"]
[Date "2018.10.04"]
[Round "3.1"]
[White "Croad, Nicolas"]
[Black "Sellen, Ian"]
[Result "1-0"]
[WhiteElo "2431"]
[BlackElo "2041"]

1. e4 c5 2. Nc3 Nc6 3. Nf3 Nf6 4. d4 cxd4 5. Nxd4 d6 6. Bg5 e5 7. Bxf6 gxf6 8.
Nf5 a6 9. Bc4 Bxf5 10. exf5 Qd7 11. Nd5 Qd8 12. Qh5 Qa5+ 13. c3 Ne7 14. Nxf6+
Kd8 15. Qxf7 Rc8 16. b4 Qa3 17. O-O Rc6 18. Bd5 Rxc3 19. Qe8+ 1-0

[Event "Club Championships, A Grade"]
[Site "Wellington Chess Club"]
[Date "2018.10.04"]
[Round "3.1"]
[White "Laking, Robert"]
[Black "Forster, Bill"]
[Result "1-0"]
[WhiteElo "2014"]
[BlackElo "2011"]

1. d4 d5 2. c4 c6 3. Nf3 Nf6 4. Nc3 e6 5. e3 Nbd7 6. Qc2 Bd6 7. b3 O-O 8. Be2
b6 9. O-O Bb7 10. Bb2 Rc8 11. Rac1 Re8 12. Rfd1 c5 13. e4 dxe4 14. Ng5 Bf4 15.
Ngxe4 Nxe4 16. Nxe4 Bxh2+ $2 17. Kxh2 Qh4+ 18. Kg1 Qxe4 19. f3 Qxc2 20. Rxc2
cxd4 21. Rxd4 Nf8 22. Rcd2 Rc7 23. Kf2 Ree7 24. Rd8 Rc8 25. Rxc8 Bxc8 26. Rd8
Bd7 27. Rb8 f6 28. Rb7 Rf7 29. Rxa7 Bc6 30. Ra6 Rb7 31. c5 Nd7 32. Bd4 bxc5 33.
Bxc5 Nxc5 34. Rxc6 Nd7 35. Rxe6 Kf8 36. Re3 Rc7 37. Rd3 Ne5 38. Rd2 Rc3 39. f4
Nc6 40. Bc4 Ke7 41. a4 Na5 42. Re2+ Kf8 43. Bb5 Nxb3 44. Re8+ Kf7 45. Ra8 Rc5
46. Ke3 g5 47. fxg5 fxg5 48. Kd3 Kf6 49. g4 Ke5 50. Rf8 Kd6 51. Rf6+ Kc7 52.
Rf7+ Kb6 53. Rxh7 Ka5 54. Rf7 Rd5+ 55. Kc4 Rd4+ 56. Kxb3 Rxg4 57. Rf6 Rg3+ 58.
Kc4 Rg4+ 59. Kc5 1-0